000 00524nam a2200181Ia 4500
999 _c10873
_d10873
003 OSt
005 20200127152600.0
008 190216s9999||||xx |||||||||||||| ||und||
020 _a9788178081212
040 _coclc
082 _a338.88
_bBEN/I
100 _aBennett, Roger
_91615
245 0 _aInternational Business /
_cRoger Bennett
260 _bPearson Education International,
_aNew Delhi:
_c2003.
300 _a402p
650 _aEconomics
942 _cBK
_2ddc
_h338.88
_iBEN/I
_k338.88
_mBEN/I